000 00286nam a22001097a 4500
008 180806b xxu||||| |||| 00| 0 eng d
082 _a813.52
245 _aIntroductory Adobe photoshop CS2 advanced
_cStudent data files
300 _a16
_fCD
440 _x9781423971986
942 _2ddc
_cMX
999 _c46832
_d46832